Monstrous / (Record no. 2714)
[ view plain ]
| 000 -LEADER | |
|---|---|
| fixed length control field | 01420cam a22003497i 4500 |
| 001 - CONTROL NUMBER | |
| control field | 2714 |
| 003 - CONTROL NUMBER IDENTIFIER | |
| control field | FISKH |
| 005 - DATE AND TIME OF LATEST TRANSACTION | |
| control field | 20240110154528.0 |
| 008 - FIXED-LENGTH DATA ELEMENTS--GENERAL INFORMATION | |
| fixed length control field | 150506t20162016nyua j 000 1 eng d |
| 010 ## - LIBRARY OF CONGRESS CONTROL NUMBER | |
| LC control number | 2015940703 |
| 020 ## - INTERNATIONAL STANDARD BOOK NUMBER | |
| International Standard Book Number | 9780062272744 (trade bdg.) |
| 020 ## - INTERNATIONAL STANDARD BOOK NUMBER | |
| International Standard Book Number | 9780062272720 |
| 020 ## - INTERNATIONAL STANDARD BOOK NUMBER | |
| International Standard Book Number | 0062272748 (trade bdg.) |
| 035 ## - SYSTEM CONTROL NUMBER | |
| System control number | (OCoLC)ocn910087862 |
| 040 ## - CATALOGING SOURCE | |
| Original cataloging agency | YDXCP |
| Language of cataloging | eng |
| Transcribing agency | YDXCP |
| Description conventions | rda |
| Modifying agency | BTCTA |
| -- | BDX |
| -- | OCLCQ |
| -- | CLE |
| -- | OCLCO |
| -- | NYP |
| -- | ILC |
| -- | OCLCO |
| -- | OCP |
| -- | MR7 |
| -- | OCLCF |
| -- | OCLCO |
| -- | GZI |
| -- | DLC |
| 042 ## - AUTHENTICATION CODE | |
| Authentication code | lccopycat |
| 050 00 - LIBRARY OF CONGRESS CALL NUMBER | |
| Classification number | PZ8.C765 |
| Item number | Rav 2016 |
| 082 ## - DEWEY DECIMAL CLASSIFICATION NUMBER | |
| Classification number | 260 |
| 100 1# - MAIN ENTRY--PERSONAL NAME | |
| Personal name | Connolly, MarcyKate, |
| 245 10 - TITLE STATEMENT | |
| Title | Monstrous / |
| Statement of responsibility, etc. | MarcyKate Connolly. |
| 250 ## - EDITION STATEMENT | |
| Edition statement | First Paperback Edition, 2016 |
| 260 ## - PUBLICATION, DISTRIBUTION, ETC. | |
| Place of publication, distribution, etc. | New York : |
| Name of publisher, distributor, etc. | Harper Collins, |
| Date of publication, distribution, etc. | 2015 |
| 300 ## - PHYSICAL DESCRIPTION | |
| Extent | 424, 14 pages : |
| Other physical details | illustrations ; |
| Dimensions | 20 cm |
| 505 0# - FORMATTED CONTENTS NOTE | |
| Formatted contents note | Ravenous -- Precious : a Monstrous novella. |
| 520 ## - SUMMARY, ETC. | |
| Summary, etc. | Kymera, who has a raven's wings, a snake's tail, and a cat's eyes and claws, loves the father who brought her back to life after a wizard killed her, but she begins to question his motives, especially after she connects with a boy in the town from which she is rescuing sick girls. |
| 650 #0 - SUBJECT ADDED ENTRY--TOPICAL TERM | |
| Topical term or geographic name entry element | Magic |
| Form subdivision | Juvenile fiction. |
| 650 #0 - SUBJECT ADDED ENTRY--TOPICAL TERM | |
| Topical term or geographic name entry element | Women heroes |
| Form subdivision | Juvenile fiction. |
| 650 #0 - SUBJECT ADDED ENTRY--TOPICAL TERM | |
| Topical term or geographic name entry element | Witches |
| Form subdivision | Juvenile fiction. |
| 650 #0 - SUBJECT ADDED ENTRY--TOPICAL TERM | |
| Topical term or geographic name entry element | Brothers and sisters |
| Form subdivision | Juvenile fiction. |
| 906 ## - LOCAL DATA ELEMENT F, LDF (RLIN) | |
| a | 7 |
| b | cbc |
| c | copycat |
| d | 2 |
| e | epcn |
| f | 20 |
| g | y-gencatlg |
| 942 ## - ADDED ENTRY ELEMENTS (KOHA) | |
| Source of classification or shelving scheme | Dewey Decimal Classification |
| Koha item type | Books |
| Suppress in OPAC | No |
| Withdrawn status | Lost status | Source of classification or shelving scheme | Damaged status | Not for loan | Collection | Home library | Current library | Shelving location | Date acquired | Total Checkouts | Full call number | Barcode | Date last seen | Price effective from | Koha item type |
|---|---|---|---|---|---|---|---|---|---|---|---|---|---|---|---|
| Dewey Decimal Classification | Fiction | Footprints International School Library Network Toul Kork Campus | Footprints International School Library Network Toul Kork Campus | 01/10/2024 | CON Fic PZ8.C765 | 2024-0010 | 01/10/2024 | 01/10/2024 | Books |
